Представление документа в формате RUSMARC

ПолеНазваниеЗначение
  Тип записи c
  Библиографический уровень m
001 Контрольный номер UONB/NOTY/bdda002421a642aabac4a0b6cd5882bd
005 Дата корректировки 20251118165018.9
010 Индекс ISBN __
9 Тираж 25000 экз.
013 Номер (ISMN) __
d Цена 45 к.
071 Издательские номер (звукозапись и ноты) 21
a Номер, присвоенный агентством 2798
100 Данные общей обработки __
a Данные общей обработки 20220709g1982 u##y0rusy0189## ca
101 Язык документа 0_
a Язык текста rus
f Язык титульного листа rus
102 Страна публикации __
a Страна публикации RU
125 Кодированные данные звукозаписи и нотных изданий __
a Форма изложения нотного текста с
128 Кодированные данные (звукозаписи-физические характеристики) __
a Кодированные данные: Музыкальная форма и тональность или лад sg
c Инструменты или голоса, рекомендуемые для солистов (устаревшее) vu
200 Заглавие и сведения об ответственности 1_
a Заглавие Вып. 24
f Первые сведения об ответственности сост. А. Васильев
203 Вид содержания и тип средства __
a Вид содержания Музыка
b Характеристика содержания знаковая
c Тип средства непосредственная
210 Выходные данные 1_
d Дата издания 1982
215 Физическое описание __
a Объем 34 с. включ. обл.
327 Примечание о содержании 11
a Примечание о содержании Содерж. : Плешак В. Снова сердце зовет / сл. М. Дахие. - Морозов А. Лукоморье мое / сл. В. Гина. - Дубравин Я. У истоков наших лет / сл. И. Талькова ; Нас любовь кружила / сл. Н. Просторовой. - Портнов Г. Вечная тайна / сл. Г. Горбовского. - Колкер А. Хохлома / сл. М. Рябинина. - Кальварский А. Поезда разлук / сл. А. Горохова.
461 Уровень набора _0
1 2001
a Поющие гитары
b Ноты
e песни из репертуара вок.-инструм. ансамбля
e для голоса [ансамбля] с фп. [и букв.-цифр. обозначением]
v Вып. 24
1 2101
a Л.
c Музыка
d 1971 -
1 001UONB/NOTY/81adac9626ce47afb0df047894e4433d
1 215
d 29 см
1 71002
a "Поющие гитары"
c вокально-инструментальный ансамбль
4 590
464 Аналитический уровень _0
1 700 1
a Плешак
b В.
1 702 1
a Дахие
b М.
4 520
1 2001
a Снова сердце зовет
1 036
t После долгих боев миру нужен покой...
464 Аналитический уровень _0
1 700 1
a Морозов
b А.
1 702 1
a Гин
b В.
4 520
1 2001
a Лукоморье мое
1 036
t Мне от первых вершин до последних вершин далеко...
464 Аналитический уровень _0
1 700 1
a Дубравин
b Я.
1 702 1
a Тальков
b И.
4 520
1 2001
a У истоков наших лет
1 036
t Пухом выстлана земля...
464 Аналитический уровень _0
1 700 1
a Дубравин
b Я.
1 702 1
a Просторова
b Н.
4 520
1 2001
a Нас любовь кружила
1 036
t Было счастье близко очень...
464 Аналитический уровень _0
1 700 1
a Портнов
b Г.
1 702 1
a Горбовский
b Г.
4 520
1 2001
a Вечная тайна
1 036
t Век двадцатый - машины, сирены...
464 Аналитический уровень _0
1 700 1
a Колкер
b А.
1 702 1
a Рябинин
b М.
4 520
1 2001
a Хохлома
1 036
t Городок в России есть...
464 Аналитический уровень _0
1 700 1
a Кальварский
b А.
1 702 1
a Горохов
b А.
4 520
1 2001
a Поезда разлук
1 036
t Время наши дни листает...
512 Заглавие обложки 1_
a Заглавие обложки Поющие гитары
606 Тематические рубрики 0_
a Основная рубрика Песни советских композиторов
x Основная подрубрика Из репертуара
x Основная подрубрика Эстрадные ансамбли
x Основная подрубрика Популярные песни
610 Ключевые слова 0_
a Ключевые слова песни советских композиторов; популярные песни; из репертуара; "Поющие гитары", вокально-инструментальный ансамбль
686 Индексы других классификаций __
a Классификационный индекс 85.943.4-42-041.5я43
a Классификационный индекс 85.952.18я43
a Классификационный индекс 85.952,8
702 Вторичная интеллектуальная ответственность _1
a Фамилия Васильев
b Имя (инициалы) А. Н.
g Полное личное имя Анатолий Николаевич
4 Код отношения 220
801 Источник записи _0
a Страна RU
b Организация Ульяновская ОНБ
c Дата составления 20220709
g Правила каталогизации RCR
801 Источник записи _1
a Страна RU
b Организация Ульяновская ОНБ
c Дата составления 20220709
g Правила каталогизации RCR
901 Тип документа __
t Тип документа n
w Контрольный № источника UONB/NOTY/81adac9626ce47afb0df047894e4433d
909 Создатель записи __
a Создатель записи Грязнова И. Е.